Tribhuvan University Central Library

Nepalako lok sanskriti sorathi (Record no. 101135)

MARC details
000 -LEADER
fixed length control field 00489nam a22001817a 4500
008 - FIXED-LENGTH DATA ELEMENTS--GENERAL INFORMATION
fixed length control field 210819b |||||||| |||| 00| 0 eng d
020 ## - INTERNATIONAL STANDARD BOOK NUMBER
International Standard Book Number 9789937292238
082 ## - DEWEY DECIMAL CLASSIFICATION NUMBER
Classification number N793.31095496/M196n
100 ## - MAIN ENTRY--PERSONAL NAME
Personal name Magar,Padam Srita
245 ## - TITLE STATEMENT
Title Nepalako lok sanskriti sorathi
260 ## - PUBLICATION, DISTRIBUTION, ETC.
Place of publication, distribution, etc. Hongkong:
Name of publisher, distributor, etc. Janga Bahadur Srisa Magar,
Date of publication, distribution, etc. 2071BS.
300 ## - PHYSICAL DESCRIPTION
Extent 310p.
650 ## - SUBJECT ADDED ENTRY--TOPICAL TERM
Topical term or geographic name entry element Folk dance
650 ## - SUBJECT ADDED ENTRY--TOPICAL TERM
Topical term or geographic name entry element Folk dance- Nepal
651 ## - SUBJECT ADDED ENTRY--GEOGRAPHIC NAME
Geographic name Nepal
700 ## - ADDED ENTRY--PERSONAL NAME
Personal name Magar, Shera Bahadur
942 ## - ADDED ENTRY ELEMENTS (KOHA)
Source of classification or shelving scheme Dewey Decimal Classification
Koha item type General NC
Holdings
Withdrawn status Lost status Source of classification or shelving scheme Damaged status Not for loan Home library Current library Date acquired Total Checkouts Full call number Barcode Date last seen Price effective from Koha item type
    Dewey Decimal Classification     Tribhuvan University Central Library Tribhuvan University Central Library 08/19/2021   N793.31095496/M196n G77809 08/19/2021 08/19/2021 General NC